AYIN KARANLIK YÜZÜ İRUS UYGARLIĞI (Record no. 1000541)

MARC details
000 -LEADER
sabit uzunluktaki kontrol alanı 00269nam a2200097Ia 4500
001 - KONTROL NUMARASI
kontrol alanı 1000541
005 - EN SON İŞLEMİN TARİH VE ZAMANI
kontrol alanı 20250826230353.0
008 - SABİT-UZUNLUKTA VERİ ÖĞELERİ--GENEL BİLGİ
sabit uzunluktaki kontrol alanı 250824s9999 xx 000 0 und d
245 #0 - ESER / YAZAR
ESER ADI AYIN KARANLIK YÜZÜ İRUS UYGARLIĞI
Yazar Adı NECATİ AKBABA
260 ## - YAYIN, DAĞITIM, VB.
YAYIN EVİ GENÇ DAMLA YAYINLARI
Holdings
Düşüm durumu Kayıp durumu Hasar Durumu Ödünç verilmez Ana kütüphane Geçerli Kütüphane Edinilen tarih Toplam ödünç verme sayısı Barkod Son görüntüleme tarihi Son ödünç verme tarihi Fiyatın geçerli olmaya başladığı tarih Koha materyal türü
        TATKÖY İLKOKULU TATKÖY İLKOKULU 24.08.2025 1 10365698 16.10.2025 09.10.2025 26.08.2025 Books